000 00309nam a2200145Ia 4500
100 _aGehani & Parikh
650 _aChemistry
942 _cBK
654 _aChemistry
245 _aInorganic Chemistry F.Y. Science
260 _bA.R. Seth &co
_c2001
082 _a546
300 _a486
546 _aENGLISH
999 _c34637
_d34637